|
|
|
|
| LEADER |
01211nam a2200265 a 4500 |
| 001 |
000668462 |
| 003 |
CZ BrMZK |
| 005 |
20220324081101.0 |
| 007 |
ta |
| 008 |
030430s1948 xr a f cze d |
| 040 |
|
|
|a BOA001
|b cze
|c BOA001
|
| 041 |
0 |
|
|a cze
|b eng
|b rus
|
| 100 |
1 |
|
|a Pantoflíček, Jaroslav,
|d 1875-1951
|7 jk01091665
|4 aut
|
| 245 |
1 |
0 |
|a Stereografické měření malých pohybů a deformací /
|c Jaroslav Pantoflíček
|
| 260 |
|
|
|a Praha :
|b Technické knihkupectví a nakladatelství,
|c 1948
|
| 300 |
|
|
|a 37 s. :
|b il. ;
|c 21 cm
|
| 490 |
1 |
|
|a Sborník ;
|v 7
|
| 500 |
|
|
|a 1000 výt.
|
| 550 |
|
|
|a Vydavatel: Vysoká škola inženýrského stavitelství při České vysoké učení technické v Praze
|
| 710 |
2 |
|
|a České vysoké učení technické v Praze.
|b Fakulta inženýrského stavitelství
|7 ko20010093664
|4 isb
|
| 810 |
2 |
|
|a České vysoké učení technické v Praze.
|b Vysoká škola inženýrského stavitelství.
|t Sborníky
|
| 910 |
|
|
|a BOA001
|b TK-0080.554,7
|b X-0223.626
|
| 990 |
|
|
|a BK
|
| 996 |
6 |
|
|b 2618728703
|c X-0223.626
|l MZK
|r Sklad / do 24 hodin
|n 0
|w 000668462
|u 000020
|a 1
|e BOA001
|j MZK50
|s P
|
| 996 |
6 |
|
|b BC-91419
|c TK-0080.554,7
|l MZK
|r Sklad / do 24 hodin
|n 0
|w 000668462
|u 000010
|a 1
|e BOA001
|j MZK50
|s P
|